Statistics for Countries in the Alps by Population

Click here to take the quiz!

General Stats

  • This quiz has been taken 77 times
  • The average score is 7 of 7

Answer Stats

PopulationCountry% Correct
8.7 milAustria
100%
82.7 milGermany
100%
60.6 milItaly
100%
66.9 milFrance
99%
8.4 milSwitzerland
99%
2.1 milSlovenia
89%
38,000Liechtenstein
80%

Score Distribution

Percentile by Number Answered

Percent of People with Each Score

Your Score History

You have not taken this quiz